| 000 | 00949nam a2200265 i 4500 | ||
|---|---|---|---|
| 001 | bg | ||
| 003 | KOSZ 005 | ||
| 005 | 20200630132823.0 | ||
| 008 | 070914s1966 pl a f 001 0 pol | ||
| 015 | _aPB 1967/304 | ||
| 040 |
_aWA N _cKOSZ 005/RW _dKOSZ 005/RW |
||
| 080 | _a33 | ||
| 100 | 1 |
_aLange, Oskar _d(1904-1965) _eAutor |
|
| 245 | 1 | 0 |
_aEkonomia polityczna. _nT. 2 / _cOskar Lange ; przedm. W. Brus, T. Kowalik. |
| 260 |
_aWarszawa : _bPaństwowe Wydawnictwo Naukowe, _c1966. |
||
| 300 |
_a300 s. : _bil., err. ; _c18 cm. |
||
| 380 | _aKsiążki. | ||
| 504 | _aIndeks. | ||
| 650 | 4 | _aEkonomia polityczna socjalizmu | |
| 700 | 1 |
_aBrus, Włodzimierz _d(1921-2007). _ePrzedm. |
|
| 700 | 1 |
_aKowalik, Tadeusz _d(1926-2012). _ePrzedm. |
|
| 710 | 2 |
_aPaństwowe Wydawnictwo Naukowe _4pbl. |
|
| 856 |
_uhttp://koha.tu.koszalin.pl/cgi-bin/koha/opac-detail.pl?biblionumber=11324 _yKatalog online BPK |
||
| 942 |
_2UKD _cKS |
||
| 999 |
_c11324 _d11324 |
||